000 00785nam a2200253 a 4500
001 BRL_48
005 20190320210551.0
008 730213s1963 mx-#######---#000-0#spa-#
041 _aspa
044 _amx
050 4 _aCB151
_b.R43 1963
100 1 _aRedfield, Robert
_d1897-
_922755
245 1 0 _aEl mundo primitivo y sus transformaciones
_cRobert Redfield ; traducción de Francisco González Aramburo.
260 _aMéxico
_bFCE
_c1963
300 _a198 p.
_c17 cm.
440 0 _aColección popular
_v48
_922756
500 _aTraducción de: The Primitive World and Its Transformations.
500 _aAu43
650 1 4 _aCambio social
_922757
650 1 4 _aCiudades y pueblos
_922758
700 1 _aGonzález Aramburo, Francisco
_etr.
_922759
902 _aGRL
942 _2lcc
_cB
999 _c8861
_d8861